00571 a2200181 450000500170000000800410001702000150005804000510007304100080012410000230013224500540015525000100020926000410021930000420026049000160030265000360031865000350035420180312141950.0131028s1985 sp a ar|||| 00| 0 spa d a8426114806 aCO-BoUCMbspacJose A. GerenadDiana Londoño00aspa1 aVilarrubias, Pía10a¿Dónde está la mariquita?cPía Vilarrubias a3a Ed c1985bJuventudaBarcelona (España) a[14] páginasbilustraciones a color aTina-tonv1 7aCuentos ilustrados para niños 7aLiteratura infantil española